Načítá se...
LEADER 01145cam a2200265 a 4500
999 |c 243097  |d 243097 
020 |a 0195096851 (acidfree paper) 
020 |a 019509686X (pbk. : acidfree paper) 
082 0 0 |a 686.2/25445369  |b ALA 
100 1 |a Hoenig, Alan. 
245 1 0 |a TeX unbound :  |b LaTeX & TeX strategies for fonts, graphics, & more /  |c Alan Hoenig. 
260 |a Oxford ;  |a New York :  |b Oxford University Press,  |c c1998. 
300 |a ix, 580 p. :  |b ill. ; 
500 |a "The TeX ruler" appears on the endpapers. 
504 |a Includes bibliographical references (p. 547-554) and index. 
650 0 |a Computer fonts. 
650 0 |a Computer graphics. 
650 0 |a Computerized typesetting. 
650 0 |a Mathematics printing 
650 0 |a Technical publishing 
856 4 2 |u http://www.loc.gov/catdir/enhancements/fy0603/97005918-d.html 
856 4 1 |u http://www.loc.gov/catdir/enhancements/fy0603/97005918-t.html 
856 4 2 |u http://www.loc.gov/catdir/enhancements/fy0722/97005918-b.html 
942 |c BK 
952 |0 0  |1 0  |4 0  |6 686_200000000000000_25445369_ALA  |7 0  |9 258157  |a DFS  |b DFS  |d 2019-12-26  |l 0  |o 686.2/25445369 ALA  |p DFS2275  |r 2019-12-26  |w 2019-12-26  |y BK